Estudio general de cortocircuitos en sistema de potencia
Gespeichert in:
| 1. Verfasser: | |
|---|---|
| Format: | Buch |
| Sprache: | Spanish |
| Veröffentlicht: |
San José, Costa Rica : Instituto Costarricense de Electricidad, Oficina Programas de Transmisión y Distribución
1975
|
| Tags: |
Tag hinzufügen
Keine Tags, Fügen Sie den ersten Tag hinzu!
|
MARC
| LEADER | 00000nam a2200000Ia 4500 | ||
|---|---|---|---|
| 003 | L000595 | ||
| 005 | 20221231143948.0 | ||
| 008 | 140114s1975 cr a 000 ||spa d | ||
| 040 | |c cru CEDI | ||
| 082 | |a 621.381.5 C355e | ||
| 100 | |a Castro León, Enrique |9 18267 | ||
| 245 | |a Estudio general de cortocircuitos en sistema de potencia | ||
| 260 | |a San José, Costa Rica : Instituto Costarricense de Electricidad, Oficina Programas de Transmisión y Distribución |c 1975 | ||
| 300 | |a 106 páginas : ilustraciones | ||
| 942 | |2 ddc |c BK | ||
| 999 | |c 14870 |d 14870 | ||
